000 00232nam a22001097a 4500
040 _cSK
082 _a179
100 _aNA
245 _aAnimal welfare; សុខុមាលភាពសត្វ
260 _aNA
_bNA
_cNA
942 _cKB
999 _c8927
_d8927